[Event "SLO-chT1 East"]
[Site "Celje"]
[Date "2007.11.21"]
[Round "7"]
[White "Rezonja, Stefan"]
[Black "Drobne, Marjan"]
[Result "0-1"]
[WhiteElo "2070"]
[BlackElo "2104"]
[PlyCount "74"]
[EventDate "2007.11.11"]
[EventType "team-tourn"]
[EventRounds "9"]
[EventCountry "SLO"]
[SourceTitle "EXT 2010"]
[Source "ChessBase"]
[SourceDate "2010.11.25"]
[SourceVersion "1"]
[SourceVersionDate "2010.11.25"]
[SourceQuality "1"]

1. e4 e5 2. Nf3 Nc6 3. d4 exd4 4. Nxd4 Nf6 5. Nxc6 bxc6 6. Bd3 Bc5 7. 0-0 d6 8. h3 Rb8 9. c3 0-0 10. Qf3 Nd7 11. Nd2 Ne5 12. Qe2 Be6 13. Kh1 Nxd3 14. Qxd3 f5 15. b4 Bb6 16. a4 a5 17. exf5 Rxf5 18. Ne4 Qh4 19. bxa5 Rxa5 20. Re1 Bd5 21. c4 Bxe4 22. Rxe4 Qxf2 23. Be3 Bxe3 24. Rxe3 Rg5 25. Rg1 Qf5 26. Qe2 Rf8 27. Rf3 Qe5 28. Rxf8+ Kxf8 29. Qf3+ Rf5 30. Qxc6 Qa5 31. Qd7 h6 32. Rb1 Kg8 33. Rb5 Qe1+ 34. Kh2 Rf1 35. Qc8+ Kh7 36. Qf5+ Rxf5 37. Rxf5 Kg6 0-1

[Event "SLO-chT1 East"]
[Site "Celje"]
[Date "2007.11.13"]
[Round "3"]
[White "Rezonja, Stefan"]
[Black "Djurkovic, Maks"]
[Result "1/2-1/2"]
[WhiteElo "2070"]
[BlackElo "2183"]
[PlyCount "34"]
[EventDate "2007.11.11"]
[EventType "team-tourn"]
[EventRounds "9"]
[EventCountry "SLO"]
[SourceTitle "EXT 2010"]
[Source "ChessBase"]
[SourceDate "2010.11.25"]
[SourceVersion "1"]
[SourceVersionDate "2010.11.25"]
[SourceQuality "1"]

1. e4 a6 2. Nf3 b5 3. d4 Bb7 4. Bd3 Nf6 5. Qe2 e6 6. Bg5 h6 7. Bh4 Be7 8. 0-0 d5 9. Nbd2 0-0 10. c3 dxe4 11. Nxe4 Nd5 12. Bxe7 Qxe7 13. Nc5 Nf4 14. Qe3 Nxd3 15. Qxd3 Bd5 16. Rfe1 Nd7 17. Nxd7 Qxd7 1/2-1/2

[Event "SLO-chT 16th"]
[Site "Ljubljana"]
[Date "2006.07.06"]
[Round "6"]
[White "Guid, Matej"]
[Black "Rezonja, Stefan"]
[Result "1-0"]
[WhiteElo "2278"]
[BlackElo "2069"]
[PlyCount "83"]
[EventDate "2006.07.03"]
[EventType "team"]
[EventRounds "9"]
[EventCountry "SLO"]
[SourceTitle "EXT 2008"]
[Source "ChessBase"]
[SourceDate "2007.11.25"]
[SourceVersion "1"]
[SourceVersionDate "2007.11.25"]
[SourceQuality "1"]

1. e4 e5 2. Nf3 Nf6 3. Nxe5 d6 4. Nf3 Nxe4 5. Nc3 Nf6 6. d4 Bf5 7. d5 Be7 8. Nd4 Bg6 9. h4 h5 10. Bd3 Bxd3 11. Qxd3 Qd7 12. Nf5 Bf8 13. Bg5 Na6 14. Qe3+ Kd8 15. Qf4 Kc8 16. Bxf6 gxf6 17. Rh3 Rg8 18. Rg3 Rg6 19. Qf3 b6 20. Qxh5 Rxg3 21. Nxg3 Kb7 22. Qf5 Re8+ 23. Kf1 Qe7 24. Qf4 Nc5 25. Qd2 Qd7 26. b4 Na6 27. Qf4 Bg7 28. Nf5 Bh8 29. Re1 Rxe1+ 30. Kxe1 Nxb4 31. g4 a5 32. Kd2 Qe8 33. a3 Na6 34. Qe4 Qd7 35. Qe7 Qxe7 36. Nxe7 Nc5 37. f3 Nd7 38. f4 f5 39. g5 Nf8 40. h5 Nd7 41. Nxf5 Kc8 42. Nh6 1-0

[Event "SLO-chT 16th"]
[Site "Ljubljana"]
[Date "2006.07.04"]
[Round "2"]
[White "Rezonja, Stefan"]
[Black "Ursic, Jakob"]
[Result "1-0"]
[WhiteElo "2069"]
[BlackElo "1905"]
[PlyCount "76"]
[EventDate "2006.07.03"]
[EventType "team"]
[EventRounds "9"]
[EventCountry "SLO"]
[SourceTitle "EXT 2008"]
[Source "ChessBase"]
[SourceDate "2007.11.25"]
[SourceVersion "1"]
[SourceVersionDate "2007.11.25"]
[SourceQuality "1"]

1. e4 e5 2. Nf3 Nc6 3. d4 exd4 4. Nxd4 Nf6 5. Nxc6 bxc6 6. Bd3 d5 7. exd5 cxd5 8. 0-0 Be7 9. Re1 0-0 10. h3 Be6 11. Nd2 c6 12. c3 Qb6 13. Nf3 Rad8 14. b3 Bc5 15. Nd4 Rfe8 16. Bg5 Bxd4 17. cxd4 Kh8 18. Bxf6 gxf6 19. Qh5 f5 20. Qh4 Rg8 21. Re5 Rg7 22. Bxf5 Bxf5 23. Rxf5 Rdg8 24. g3 Qd8 25. Qf4 Qe7 26. Rc1 Qe6 27. Kh2 Qe2 28. Qe5 Qxe5 29. Rxe5 Rc8 30. Rxd5 a6 31. Rdc5 Rg6 32. d5 Rf6 33. Kg2 Rd8 34. Rxc6 Rf5 35. d6 Rd5 36. Rxa6 R5xd6 37. Rxd6 Rxd6 38. Rc2 Kg7 1-0

[Event "SLO-chT 16th"]
[Site "Ljubljana"]
[Date "2006.07.03"]
[Round "1"]
[White "Tratar, Marko"]
[Black "Rezonja, Stefan"]
[Result "1-0"]
[WhiteElo "2503"]
[BlackElo "2069"]
[PlyCount "63"]
[EventDate "2006.07.03"]
[EventType "team"]
[EventRounds "9"]
[EventCountry "SLO"]
[SourceTitle "EXT 2008"]
[Source "ChessBase"]
[SourceDate "2007.11.25"]
[SourceVersion "1"]
[SourceVersionDate "2007.11.25"]
[SourceQuality "1"]

1. Nf3 d5 2. d4 Nf6 3. c4 c6 4. Nc3 e6 5. Bg5 Be7 6. e3 0-0 7. Bd3 dxc4 8. Bxc4 b5 9. Bd3 a6 10. Qc2 h6 11. Bxf6 Bxf6 12. Ne4 Ra7 13. 0-0 Rc7 14. Rac1 Nd7 15. a4 bxa4 16. Qxa4 c5 17. Nxf6+ gxf6 18. Qa5 Rb7 19. Qc3 a5 20. Rfd1 cxd4 21. Nxd4 Qb6 22. Be4 e5 23. Nf5 Rb8 24. Rd6 Qb4 25. Qxb4 axb4 26. Ne7+ Kg7 27. Bf5 Nb6 28. Rcc6 Re8 29. Rxb6 Rxb6 30. Rxb6 Rxe7 31. Bxc8 Rc7 32. Ba6 1-0

[Event "Ljubljana op 15th"]
[Site "Ljubljana"]
[Date "2004.07.12"]
[Round "4"]
[White "Piskur, Mitja"]
[Black "Rezonja, Stefan"]
[Result "1-0"]
[WhiteElo "2304"]
[BlackElo "2082"]
[PlyCount "53"]
[EventDate "2004.07.10"]
[EventType "swiss"]
[EventRounds "9"]
[EventCountry "SLO"]
[SourceTitle "CBM 101 Extra"]
[Source "ChessBase"]
[SourceDate "2004.09.01"]
[SourceVersion "2"]
[SourceVersionDate "2004.09.01"]
[SourceQuality "1"]

1. e4 e5 2. Nf3 Nf6 3. Nc3 Nc6 4. d4 Bb4 5. Nxe5 Nxe5 6. dxe5 Nxe4 7. Qd4 Bxc3+ 8. bxc3 Ng5 9. Ba3 b6 10. Bc4 c5 11. Qe3 Bb7 12. 0-0 0-0 13. Rad1 Bc6 14. Bc1 Ne6 15. Qg3 b5 16. Bd5 Qe7 17. Be3 Kh8 18. Bxc6 dxc6 19. Rd6 Rac8 20. Rfd1 Rc7 21. h4 h6 22. Qg4 g5 23. Qh5 Kg7 24. hxg5 hxg5 25. Rxe6 Qxe6 26. Bxg5 f6 27. Bh6+ 1-0

[Event "Ljubljana op 14th"]
[Site "Ljubljana"]
[Date "2003.06.22"]
[Round "2"]
[White "Basagic, Zlatko"]
[Black "Rezonja, Stefan"]
[Result "1-0"]
[WhiteElo "2386"]
[BlackElo "2105"]
[PlyCount "47"]
[EventDate "2003.06.21"]
[EventType "swiss"]
[EventRounds "9"]
[EventCountry "SLO"]
[SourceTitle "EXT 2004"]
[Source "ChessBase"]
[SourceDate "2003.11.25"]
[SourceVersion "1"]
[SourceVersionDate "2003.11.25"]
[SourceQuality "1"]

1. d4 d5 2. c4 c6 3. Nf3 Nf6 4. Nc3 dxc4 5. a4 Bg4 6. Ne5 Bh5 7. Nxc4 e6 8. Qb3 b6 9. e3 Nbd7 10. h3 c5 11. g4 cxd4 12. exd4 Bg6 13. Bg2 Rc8 14. Nb5 Nb8 15. Bf4 Nd5 16. Ncd6+ Bxd6 17. Nxd6+ Ke7 18. Bxd5 exd5 19. 0-0 Qd7 20. Rfe1+ Kd8 21. Nxc8 Kxc8 22. Rac1+ Nc6 23. Qb5 Kb7 24. Rxc6 1-0

[Event "Ljubljana op 13th"]
[Site "Ljubljana"]
[Date "2002.06.23"]
[Round "2"]
[White "Rezonja, Stefan"]
[Black "Barle, Janez"]
[Result "0-1"]
[WhiteElo "2128"]
[BlackElo "2356"]
[PlyCount "60"]
[EventDate "2002.06.22"]
[EventType "swiss"]
[EventRounds "9"]
[EventCountry "SLO"]
[SourceTitle "CBM 088 Extra"]
[Source "ChessBase"]
[SourceDate "2002.07.01"]
[SourceVersion "2"]
[SourceVersionDate "2002.07.01"]
[SourceQuality "1"]

1. e4 e5 2. Nf3 d6 3. d4 exd4 4. Qxd4 Nf6 5. Nc3 Be7 6. Bc4 Nc6 7. Bb5 0-0 8. Bxc6 bxc6 9. 0-0 c5 10. Qd3 Bb7 11. Nd5 Nxd5 12. exd5 Bf6 13. c4 Rb8 14. Rb1 Bc8 15. b3 g6 16. Nd2 Re8 17. f3 Bd4+ 18. Kh1 Bf5 19. Ne4 Qh4 20. Bb2 Bxe4 21. fxe4 Qxe4 22. Qd1 Bxb2 23. Rxb2 f5 24. h3 Re7 25. Qd2 Rbe8 26. Qa5 Qd3 27. Rbb1 Qg3 28. Rg1 Re2 29. b4 R8e3 30. Rb3 Rxg2 0-1

[Event "Hotel Lippa IM"]
[Site "Szentgotthard"]
[Date "2001.06.23"]
[Round "11"]
[White "Meszaros, Tamas"]
[Black "Rezonja, Stefan"]
[Result "1-0"]
[WhiteElo "2268"]
[BlackElo "2162"]
[PlyCount "41"]
[EventDate "2001.06.13"]
[EventType "tourn"]
[EventRounds "11"]
[EventCountry "HUN"]
[EventCategory "3"]
[SourceTitle "EXT 2002"]
[Source "ChessBase"]
[SourceDate "2001.11.25"]
[SourceVersion "1"]
[SourceVersionDate "2001.11.25"]
[SourceQuality "1"]

1. e4 e5 2. Nf3 Nf6 3. Nc3 Nc6 4. d4 exd4 5. Nxd4 Nxd4 6. Qxd4 d6 7. f3 a6 8. Be3 Be7 9. 0-0-0 b5 10. g4 h6 11. Nd5 Nxd5 12. exd5 Bg5 13. Bxg5 Qxg5+ 14. f4 Qf6 15. Qe3+ Kd8 16. Bh3 Bd7 17. Rhf1 g6 18. g5 Qg7 19. gxh6 Rxh6 20. f5 Rh4 21. Qg5+ 1-0

[Event "Hotel Lippa IM"]
[Site "Szentgotthard"]
[Date "2001.06.18"]
[Round "6"]
[White "Kiss, Attila"]
[Black "Rezonja, Stefan"]
[Result "1-0"]
[WhiteElo "2346"]
[BlackElo "2162"]
[PlyCount "135"]
[EventDate "2001.06.13"]
[EventType "tourn"]
[EventRounds "11"]
[EventCountry "HUN"]
[EventCategory "3"]
[SourceTitle "EXT 2002"]
[Source "ChessBase"]
[SourceDate "2001.11.25"]
[SourceVersion "1"]
[SourceVersionDate "2001.11.25"]
[SourceQuality "1"]

1. c4 Nf6 2. Nf3 c6 3. g3 d5 4. b3 g6 5. Bb2 Bg7 6. Bg2 0-0 7. 0-0 a5 8. d3 Nbd7 9. a3 b6 10. Nbd2 Bb7 11. Qc2 c5 12. e3 Qc7 13. Rac1 e6 14. Qb1 Rad8 15. Qa1 Qb8 16. Rfd1 Ne8 17. Bxg7 Nxg7 18. cxd5 Bxd5 19. e4 Bb7 20. Nc4 Ba6 21. Nce5 Nxe5 22. Nxe5 Rd6 23. b4 cxb4 24. axb4 f6 25. Nc6 Qe8 26. e5 fxe5 27. Nxe5 Qd8 28. bxa5 bxa5 29. Be4 Qf6 30. f4 Qd8 31. Rc5 g5 32. Nc6 Qb6 33. Qxa5 Qb3 34. Rf1 Bxd3 35. Rc3 Qb7 36. Bxd3 Rxc6 37. Rxc6 Qxc6 38. Qxg5 Qb6+ 39. Kg2 Ra8 40. Rf2 Ra5 41. f5 Qd6 42. Bc4 Re5 43. Rd2 Qc6+ 44. Kh3 Rxf5 45. Qd8+ Rf8 46. Qd4 Rf5 47. Rb2 Qf3 48. Rb8+ Rf8 49. Rb5 Qf6 50. Qxf6 Rxf6 51. Kg4 Rg6+ 52. Kf4 Rf6+ 53. Ke4 Rf2 54. h4 Kf7 55. g4 h6 56. Ke5 Rf3 57. Rb7+ Kf8 58. Bb3 Re3+ 59. Kf6 Ne8+ 60. Kg6 Nd6 61. Rb8+ Ke7 62. Kxh6 Rh3 63. h5 Nf7+ 64. Kg7 Nd6 65. h6 Rg3 66. Bd1 Rd3 67. h7 Rd5 68. Kg6 1-0

[Event "Hotel Lippa IM"]
[Site "Szentgotthard"]
[Date "2001.06.13"]
[Round "1"]
[White "Rezonja, Stefan"]
[Black "Ruck, Tamas"]
[Result "0-1"]
[WhiteElo "2162"]
[BlackElo "2303"]
[PlyCount "100"]
[EventDate "2001.06.13"]
[EventType "tourn"]
[EventRounds "11"]
[EventCountry "HUN"]
[EventCategory "3"]
[SourceTitle "EXT 2002"]
[Source "ChessBase"]
[SourceDate "2001.11.25"]
[SourceVersion "1"]
[SourceVersionDate "2001.11.25"]
[SourceQuality "1"]

1. e4 c5 2. Nf3 d6 3. d4 cxd4 4. Qxd4 Bd7 5. Bg5 Nc6 6. Qd2 Nf6 7. Bd3 e6 8. c3 Be7 9. Na3 0-0 10. Nc4 Qc7 11. 0-0 Rfd8 12. Rfe1 Ne5 13. Ncxe5 dxe5 14. Qe2 Bc6 15. Bxf6 Bxf6 16. Bb5 Rd6 17. Bxc6 Qxc6 18. Rad1 Rad8 19. Rxd6 Rxd6 20. g4 g6 21. h4 Bg7 22. h5 Qa4 23. b3 Qa5 24. c4 gxh5 25. gxh5 Bh6 26. Kh1 Bf4 27. Rg1+ Kf8 28. Rd1 Rxd1+ 29. Qxd1 Qxa2 30. Qd6+ Kg7 31. h6+ Kxh6 32. Qf8+ Kg6 33. Qg8+ Kf6 34. Kg2 Qxb3 35. Qxh7 Ke7 36. Qh4+ Kd7 37. Qf6 Qxc4 38. Qxf7+ Kc6 39. Qe8+ Kc7 40. Qe7+ Kb6 41. Qd6+ Kb5 42. Qd7+ Qc6 43. Qd3+ Kb6 44. Ne1 a6 45. Nc2 Ka7 46. Kf3 Qc5 47. Qb3 Bd2 48. Ke2 Qc3 49. Qa2 Bc1 50. f3 b5 0-1

[Event "Bled op 22nd"]
[Site "Bled"]
[Date "2001.03.25"]
[Round "2"]
[White "Vorobyov, Yurij"]
[Black "Rezonja, Stefan"]
[Result "1-0"]
[WhiteElo "2327"]
[BlackElo "2162"]
[PlyCount "73"]
[EventDate "2001.03.24"]
[EventType "swiss"]
[EventRounds "9"]
[EventCountry "SLO"]
[SourceTitle "CBM 081 Extra"]
[Source "ChessBase"]
[SourceDate "2001.05.06"]
[SourceVersion "1"]
[SourceVersionDate "2001.05.06"]
[SourceQuality "1"]

1. c4 Nf6 2. g3 g6 3. Bg2 Bg7 4. Nf3 c5 5. 0-0 0-0 6. d4 cxd4 7. Nxd4 Nc6 8. Nc3 a6 9. e3 Nxd4 10. exd4 d6 11. Bf4 Nd7 12. Qd2 Nb6 13. b3 e6 14. Bh6 d5 15. Bxg7 Kxg7 16. c5 Nd7 17. b4 f5 18. Ne2 Nf6 19. Rfe1 Bd7 20. Nf4 Ne4 21. Qe3 Re8 22. Nd3 Qc7 23. Ne5 b6 24. cxb6 Qd6 25. a4 Rab8 26. a5 Bb5 27. Rab1 Qe7 28. Rec1 Rec8 29. Bf1 Bxf1 30. Kxf1 Qe8 31. Qd3 Rxc1+ 32. Rxc1 Rc8 33. Rxc8 Qxc8 34. Kg2 Nd6 35. Qe3 Nc4 36. Qe2 Qb7 37. Nd3 1-0

[Event "Bled op-B 21st"]
[Site "Bled"]
[Date "2000.??.??"]
[Round "?"]
[White "Crepan, Marjan"]
[Black "Rezonja, Stefan"]
[Result "1-0"]
[WhiteElo "2292"]
[BlackElo "2178"]
[PlyCount "53"]
[EventDate "2000.03.25"]
[EventType "swiss"]
[EventRounds "9"]
[EventCountry "SLO"]
[SourceTitle "EXT 2001"]
[Source "ChessBase"]
[SourceDate "2000.11.22"]
[SourceVersion "1"]
[SourceVersionDate "2000.11.22"]
[SourceQuality "1"]

1. e4 e5 2. Nf3 Nf6 3. Bc4 Nxe4 4. Nc3 Nxc3 5. dxc3 f6 6. 0-0 d6 7. Nh4 g6 8. f4 Qe7 9. f5 Qg7 10. Be3 c6 11. Qe2 d5 12. Bb3 g5 13. c4 gxh4 14. cxd5 c5 15. d6 Bxd6 16. Rad1 h3 17. Rxd6 Qxg2+ 18. Qxg2 hxg2 19. Rf2 Bd7 20. Rxf6 Na6 21. Bf7+ Ke7 22. Bg5 h6 23. Bh4 Bc6 24. Bc4 Kd7 25. Rf7+ Kc8 26. Be6+ Kb8 27. Bf6 1-0

[Event "Bled op-B 21st"]
[Site "Bled"]
[Date "2000.??.??"]
[Round "?"]
[White "Vikulov, Alexander Sergeevic"]
[Black "Rezonja, Stefan"]
[Result "1/2-1/2"]
[WhiteElo "2134"]
[BlackElo "2178"]
[PlyCount "59"]
[EventDate "2000.03.25"]
[EventType "swiss"]
[EventRounds "9"]
[EventCountry "SLO"]
[SourceTitle "EXT 2001"]
[Source "ChessBase"]
[SourceDate "2000.11.22"]
[SourceVersion "1"]
[SourceVersionDate "2000.11.22"]
[SourceQuality "1"]

1. Nf3 d5 2. c4 c6 3. b3 Bg4 4. e3 Nd7 5. Bb2 Ngf6 6. h3 Bxf3 7. Qxf3 e6 8. Qg3 Nc5 9. f3 dxc4 10. Bxc4 Nd3+ 11. Bxd3 Qxd3 12. Bxf6 gxf6 13. Qg4 Bd6 14. f4 Bb4 15. Qe2 Qc2 16. Kf2 Qb2 17. Nc3 Bxc3 18. dxc3 Qxc3 19. Rad1 Ke7 20. Rd3 Qc5 21. Rhd1 Rhd8 22. Rxd8 Rxd8 23. Rxd8 Kxd8 24. Qd3+ Qd5 25. Qxh7 Qd2+ 26. Kf3 Qd1+ 27. Kf2 Qd2+ 28. Kf3 Qd1+ 29. Kf2 Qd2+ 30. Kf3 1/2-1/2

[Event "Zalakaros op 18th"]
[Site "Zalakaros"]
[Date "1999.05.17"]
[Round "6"]
[White "Biro, Sandor"]
[Black "Rezonja, Stefan"]
[Result "1-0"]
[WhiteElo "2313"]
[BlackElo "2158"]
[PlyCount "87"]
[EventDate "1999.05.??"]
[EventType "swiss"]
[EventRounds "9"]
[EventCountry "HUN"]
[SourceTitle "EXT 2000"]
[Source "ChessBase"]
[SourceDate "1999.11.16"]
[SourceVersion "1"]
[SourceVersionDate "1999.11.16"]
[SourceQuality "1"]

1. e4 e5 2. Nf3 Nf6 3. Nxe5 d6 4. Nxf7 Kxf7 5. Nc3 c6 6. d4 Be7 7. Bc4+ d5 8. exd5 cxd5 9. Nxd5 Be6 10. Ne3 Bxc4 11. Nxc4 Nc6 12. c3 Re8 13. 0-0 Kg8 14. f4 Rc8 15. Ne5 Qd5 16. b3 Red8 17. Bb2 Qe4 18. Re1 Qxf4 19. g3 Qxe5 20. Rxe5 Nxe5 21. Qe2 Ng6 22. c4 Re8 23. Qf3 Rc7 24. Re1 Rf8 25. a3 Rf7 26. Qf5 b6 27. Rf1 Bf8 28. Bc1 Ne8 29. Qd3 Rxf1+ 30. Kxf1 Rd7 31. b4 Rf7+ 32. Kg1 Rd7 33. c5 Be7 34. Qc4+ Kf8 35. d5 bxc5 36. bxc5 Rc7 37. Be3 Nf6 38. c6 Ne5 39. Qb5 Ne8 40. a4 Bd6 41. Kg2 Nf6 42. Bc5 Ne4 43. Qb8+ Ke7 44. Qxc7+ 1-0

[Event "Ljubljana op 9th"]
[Site "Ljubljana"]
[Date "1998.??.??"]
[Round "6"]
[White "Podkriznik, Gregor"]
[Black "Rezonja, Stefan"]
[Result "1-0"]
[WhiteElo "2330"]
[BlackElo "2195"]
[PlyCount "53"]
[EventDate "1998.06.??"]
[EventType "swiss"]
[EventRounds "9"]
[EventCountry "SLO"]
[SourceTitle "EXT 1999"]
[Source "ChessBase"]
[SourceDate "1998.11.16"]
[SourceVersion "1"]
[SourceVersionDate "1998.11.16"]
[SourceQuality "1"]

1. e4 e5 2. Nf3 Nf6 3. Nc3 Nc6 4. g3 d5 5. exd5 Nxd5 6. Bg2 Nxc3 7. bxc3 Bd6 8. 0-0 0-0 9. Re1 Be6 10. d3 h6 11. Nd2 Qd7 12. Ne4 Bg4 13. f3 Bh5 14. Bxh6 f5 15. Nxd6 Qxd6 16. Bd2 Rad8 17. Qb1 b6 18. Qb5 Be8 19. Bg5 Rc8 20. f4 Qg6 21. Qb3+ Kh7 22. Qa3 Bd7 23. Qc1 Rce8 24. fxe5 Nxe5 25. Qf4 c6 26. Qh4+ Kg8 27. Be7 1-0

[Event "Radenci op"]
[Site "Radenci"]
[Date "1998.??.??"]
[Round "?"]
[White "Rezonja, Stefan"]
[Black "Farago, Ivan"]
[Result "0-1"]
[WhiteElo "2195"]
[BlackElo "2475"]
[PlyCount "57"]
[EventDate "1998.??.??"]
[EventType "swiss"]
[EventRounds "9"]
[EventCountry "SLO"]
[SourceTitle "EXT 1999"]
[Source "ChessBase"]
[SourceDate "1998.11.16"]
[SourceVersion "1"]
[SourceVersionDate "1998.11.16"]
[SourceQuality "1"]

1. e4 c5 2. Nf3 e6 3. d4 cxd4 4. Nxd4 a6 5. Bd3 Nf6 6. 0-0 Qc7 7. Qe2 d6 8. c4 g6 9. Nc3 Bg7 10. Be3 0-0 11. h3 b6 12. Rac1 Bb7 13. Rfd1 Nbd7 14. Bb1 Rac8 15. b3 Qb8 16. Qd2 Nc5 17. f3 Rfe8 18. Nde2 d5 19. exd5 exd5 20. b4 Ncd7 21. Nxd5 Qe5 22. f4 Qe6 23. Nd4 Qd6 24. Nf5 gxf5 25. Nxf6+ Qxf6 26. Qxd7 Re7 27. Qd2 Rce8 28. Re1 Rxe3 29. Rxe3 0-1

[Event "Radenci op"]
[Site "Radenci"]
[Date "1998.??.??"]
[Round "?"]
[White "Rezonja, Stefan"]
[Black "Mestrovic, Zvonimir"]
[Result "0-1"]
[WhiteElo "2195"]
[BlackElo "2425"]
[PlyCount "72"]
[EventDate "1998.??.??"]
[EventType "swiss"]
[EventRounds "9"]
[EventCountry "SLO"]
[SourceTitle "EXT 1999"]
[Source "ChessBase"]
[SourceDate "1998.11.16"]
[SourceVersion "1"]
[SourceVersionDate "1998.11.16"]
[SourceQuality "1"]

1. e4 Nc6 2. d4 d6 3. Nf3 Nf6 4. Nc3 Bg4 5. Be2 e5 6. dxe5 dxe5 7. Qxd8+ Rxd8 8. Bg5 Bb4 9. Bb5 Rd6 10. Bxf6 gxf6 11. Rd1 Ke7 12. Bxc6 bxc6 13. Rd3 Rxd3 14. cxd3 Bxc3+ 15. bxc3 Rb8 16. Nd2 Rb2 17. f3 Rxa2 18. Ke2 Be6 19. Rb1 a5 20. c4 a4 21. Ke3 f5 22. exf5 Bxf5 23. g4 Bg6 24. h4 Ra3 25. Ne4 Bxe4 26. Kxe4 Rb3 27. Rd1 Ke6 28. f4 exf4 29. Kxf4 f6 30. g5 a3 31. gxf6 Kxf6 32. Ke4 a2 33. Ra1 Ra3 34. Kd4 h5 35. Kc5 Ra6 36. Kd4 Kf5 0-1

[Event "Bled op 19th"]
[Site "Bled"]
[Date "1998.??.??"]
[Round "8"]
[White "Senoner, Erich2222"]
[Black "Rezonja, Stefan"]
[Result "1-0"]
[WhiteElo "2115"]
[BlackElo "2195"]
[PlyCount "133"]
[EventDate "1998.03.21"]
[EventType "swiss"]
[EventRounds "9"]
[EventCountry "SLO"]
[SourceTitle "EXT 1999"]
[Source "ChessBase"]
[SourceDate "1998.11.16"]
[SourceVersion "1"]
[SourceVersionDate "1998.11.16"]
[SourceQuality "1"]

1. e4 e5 2. d4 exd4 3. Nf3 d6 4. Nxd4 Be7 5. Nc3 Nf6 6. Be2 0-0 7. 0-0 h6 8. g4 d5 9. exd5 Nxd5 10. Nxd5 Qxd5 11. Nf5 Qe5 12. Bf4 Qxf4 13. Nxe7+ Kh8 14. Nd5 Qd6 15. Ne3 Qc5 16. Qd5 Nd7 17. Rfd1 c6 18. Qd6 Qxd6 19. Rxd6 Nf6 20. Bf3 Be6 21. c4 Rfd8 22. Rad1 Rxd6 23. Rxd6 Rc8 24. b4 Kg8 25. a4 Kf8 26. a5 Ne8 27. Rd2 b6 28. c5 bxa5 29. bxa5 g6 30. Rb2 Rc7 31. Rb8 Ke7 32. Nc2 Nf6 33. Nb4 Nd7 34. Ra8 Ne5 35. Kg2 Bxg4 36. Bxg4 Nxg4 37. Rxa7 Kd7 38. Ra6 Ne5 39. f4 Nc4 40. Kf3 Nd2+ 41. Ke2 Nb3 42. Nd3 f6 43. Ra8 Rc8 44. Rxc8 Kxc8 45. a6 Kb8 46. Nb4 Ka7 47. Nxc6+ Kxa6 48. Ne7 Nxc5 49. Nxg6 Nd7 50. Kf3 Kb6 51. Kg4 Kc6 52. Kh5 Kd6 53. Kxh6 Ke6 54. Kg7 Kf5 55. h4 Nc5 56. h5 Ne6+ 57. Kf7 Nd8+ 58. Ke8 Ne6 59. Kf7 Nd8+ 60. Kg8 Ne6 61. Kh7 Kg4 62. h6 Kf5 63. Kg8 Kxg6 64. h7 Nxf4 65. h8Q Nh5 66. Qh7+ Kg5 67. Kf7 1-0

[Event "Zalakaros op 16th"]
[Site "Zalakaros"]
[Date "1997.??.??"]
[Round "6"]
[White "Rezonja, Stefan"]
[Black "Frosch, Erich"]
[Result "0-1"]
[WhiteElo "2200"]
[BlackElo "2330"]
[PlyCount "98"]
[EventDate "1997.??.??"]
[EventType "swiss"]
[EventRounds "9"]
[EventCountry "HUN"]
[SourceTitle "EXT 2001"]
[Source "ChessBase"]
[SourceDate "2000.11.22"]
[SourceVersion "1"]
[SourceVersionDate "2000.11.22"]
[SourceQuality "1"]

1. e4 e5 2. Nf3 Nc6 3. Bc4 Be7 4. d4 exd4 5. c3 Bf6 6. cxd4 d6 7. h3 Nge7 8. Nc3 0-0 9. 0-0 a6 10. a3 b5 11. Ba2 Rb8 12. b4 Be6 13. Bb2 Bxa2 14. Rxa2 g6 15. Bc1 Re8 16. Re2 a5 17. bxa5 Nxa5 18. e5 Bg7 19. exd6 Qxd6 20. Rfe1 Qd7 21. Ne4 Nd5 22. Nc5 Qc6 23. Ne5 Bxe5 24. Rxe5 Rxe5 25. Rxe5 Nc4 26. Re1 Re8 27. Nd3 Qa8 28. Qb3 c6 29. Kf1 Rxe1+ 30. Nxe1 Qe8 31. a4 Na5 32. Qc2 b4 33. Nd3 Qe4 34. Nxb4 Qxd4 35. Nxc6 Nxc6 36. Bb2 Ndb4 37. Qe2 Qd3 38. g3 Kf8 39. h4 Qxe2+ 40. Kxe2 Ke7 41. Kd2 Ke6 42. Kc3 Kd5 43. Ba3 Na6 44. Bc1 Nc5 45. Kc2 Nxa4 46. Kd3 Nc5+ 47. Ke3 Ne5 48. f4 Nc4+ 49. Kf3 f5 0-1

[Event "Zalakaros op 16th"]
[Site "Zalakaros"]
[Date "1997.??.??"]
[Round "4"]
[White "Rezonja, Stefan"]
[Black "Meszaros, Gyula"]
[Result "1-0"]
[WhiteElo "2200"]
[BlackElo "2295"]
[PlyCount "91"]
[EventDate "1997.??.??"]
[EventType "swiss"]
[EventRounds "9"]
[EventCountry "HUN"]
[SourceTitle "EXT 2001"]
[Source "ChessBase"]
[SourceDate "2000.11.22"]
[SourceVersion "1"]
[SourceVersionDate "2000.11.22"]
[SourceQuality "1"]

1. e4 e6 2. d4 d5 3. Nd2 Nf6 4. e5 Nfd7 5. Bd3 c5 6. c3 Nc6 7. Ne2 cxd4 8. cxd4 f6 9. exf6 Nxf6 10. Nf3 Bd6 11. 0-0 Qb6 12. a3 Bd7 13. Re1 0-0 14. Nc3 Kh8 15. Be3 Rae8 16. h3 Bb8 17. Rc1 Qd8 18. Bg5 a6 19. Bb1 Re7 20. Ne5 Be8 21. Bf4 Ba7 22. Nxc6 Bxc6 23. Be5 Ref7 24. Qd3 g6 25. Re3 Kg8 26. Rg3 Ne4 27. Nxe4 dxe4 28. Qe3 Rxf2 29. Bxe4 R2f4 30. Bxg6 hxg6 31. Rxg6+ Kh7 32. Rg7+ Kh6 33. Qg3 Bxd4+ 34. Kh2 Rg4 35. Rxg4 Bxe5 36. Qxe5 Qb8 37. Qxb8 Rxb8 38. Rf1 Bd5 39. Rf6+ Kh7 40. Rg5 Rc8 41. h4 Rc4 42. h5 Rd4 43. g4 Rd2+ 44. Kg3 Rxb2 45. h6 Rb3+ 46. Kf2 1-0